|
|
|
|
| LEADER |
00000nab a2200000 a 4500 |
| 001 |
vtls008304269 |
| 003 |
SK-MaSNL |
| 005 |
20260303192302.0 |
| 008 |
051020 20051020xo dr er 000 0 slo |
| 038 |
|
|
|a KEVKJB
|
| 040 |
|
|
|a VKJB
|b slo
|c VKJB
|e AACR2
|
| 041 |
0 |
|
|a slo
|
| 044 |
|
|
|a xo
|c SK
|
| 080 |
|
|
|a 353.2
|2 UDC-MRF-SK2
|
| 245 |
0 |
0 |
|a KSK získal najvyšší komunálny rating
|c [autor](jsv)
|
| 610 |
2 |
7 |
|a Košický samosprávny kraj (Slovensko).
|b Úrad
|2 kevkjb
|9 30611
|
| 650 |
0 |
7 |
|a rating
|2 kevkjb
|9 13255
|
| 650 |
0 |
7 |
|a komunálny rating
|2 kevkjb
|9 841268
|
| 651 |
|
7 |
|a Košice (Slovensko)
|2 kevkjb
|9 18694
|
| 773 |
0 |
|
|t Košický denník Korzár
|g Roč. VIII,č. 243 (20.10.2005), s. 2
|x 1335-4566
|
| 852 |
|
|
|a KEVKJB
|b KIS3GCP
|
| 999 |
|
|
|c 2145367
|d 2147297
|